Introduction to robotics : mechanics and control (Record no. 11263)
[ view plain ]
| 000 -LEADER | |
|---|---|
| fixed length control field | 00421 a2200169 4500 |
| 020 ## - INTERNATIONAL STANDARD BOOK NUMBER | |
| International Standard Book Number | 9788131718360 |
| 082 ## - DEWEY DECIMAL CLASSIFICATION NUMBER | |
| Classification number | 629.892 |
| 090 ## - LOCALLY ASSIGNED LC-TYPE CALL NUMBER (OCLC); LOCAL CALL NUMBER (RLIN) | |
| -- | 7460 |
| -- | 7460 |
| 100 ## - MAIN ENTRY--PERSONAL NAME | |
| Personal name | Craig, John |
| 245 ## - TITLE STATEMENT | |
| Title | Introduction to robotics : mechanics and control |
| Statement of responsibility, etc. | John Craig |
| 250 ## - EDITION STATEMENT | |
| Edition statement | 3rd ed. |
| 260 ## - PUBLICATION, DISTRIBUTION, ETC. | |
| Place of publication, distribution, etc. | New Delhi |
| Name of publisher, distributor, etc. | Pearson education |
| Date of publication, distribution, etc. | 2009 |
| 300 ## - PHYSICAL DESCRIPTION | |
| Extent | 400 p. |
| 650 ## - SUBJECT ADDED ENTRY--TOPICAL TERM | |
| Topical term or geographic name entry element | Robotics |
| 700 ## - ADDED ENTRY--PERSONAL NAME | |
| Personal name | John Craig |
| 942 ## - ADDED ENTRY ELEMENTS (KOHA) | |
| Koha item type | Book |
| Call number prefix | 629.892 CRA |
| Withdrawn status | Lost status | Damaged status | Not for loan | Collection code | Permanent Location | Current Location | Shelving location | Date acquired | Source of acquisition | Cost, normal purchase price | Total Checkouts | Total Renewals | Full call number | Barcode | Date last seen | Date last checked out | Price effective from | Koha item type |
|---|---|---|---|---|---|---|---|---|---|---|---|---|---|---|---|---|---|---|
| Central Library (CL) | Central Library (CL) | General Stacks | 09/18/2012 | Allied Book Company | 428.40 | 13 | 20 | 629.892 CRA | SEECS011568 | 06/02/2025 | 01/28/2025 | 01/05/2017 | Book |
